MARC details
| 000 -CABECERA |
| campo de control de longitud fija |
02737nam a2200313 i 4500 |
| 001 - NÚMERO DE CONTROL |
| campo de control |
Rebiun35928386 |
| 007 - CAMPO FIJO DE DESCRIPCIÓN FÍSICA--INFORMACIÓN GENERAL |
| campo de control de longitud fija |
ta |
| 008 - DATOS DE LONGITUD FIJA--INFORMACIÓN GENERAL |
| campo de control de longitud fija |
240508s2023 sp a bi 001 0 spa d |
| 020 ## - NÚMERO INTERNACIONAL ESTÁNDAR DEL LIBRO |
| Número Internacional Estándar del Libro |
9788411571456 |
| 040 ## - FUENTE DE LA CATALOGACIÓN |
| Centro/agencia transcriptor |
tbs |
| 041 ## - CÓDIGO DE LENGUA |
| Código de lengua del texto/banda sonora o título independiente |
spa |
| 100 ## - ENTRADA PRINCIPAL--NOMBRE DE PERSONA |
| Nombre de persona |
Dorado, María Dolores |
| Término indicativo de función/relación |
author |
| 9 (RLIN) |
26163 |
| 245 10 - MENCIÓN DE TÍTULO |
| Título |
Talentos |
| Resto del título |
: clases de español profesional A1-B1 |
| Mención de responsabilidad, etc. |
: María Dolores Dorado Debeza, Calíope Dafne Márquez Sánchez, Esther Ramos Gómez, Francisco Javier Uclés Sánchez. |
| 250 ## - MENCIÓN DE EDICIÓN |
| Mención de edición |
Hybrid edition. |
| 260 ## - PUBLICACIÓN, DISTRIBUCIÓN, ETC. |
| Lugar de publicación, distribución, etc. |
Barcelona : |
| Nombre del editor, distribuidor, etc. |
Difusión, |
| Fecha de publicación, distribución, etc. |
2024. |
| 300 ## - DESCRIPCIÓN FÍSICA |
| Extensión |
191 pages : |
| Otras características físicas |
illustrations (color) ; |
| Dimensiones |
30 cm. |
| 500 ## - NOTA GENERAL |
| Nota general |
Digital resources: Videos, Audio, Glossaries, Transcripts, and Answer Keys |
| 505 ## - NOTA DE CONTENIDO CON FORMATO |
| Nota de contenido con formato |
Digital resources: Videos, Audio, Glossaries, Transcripts, and Answer Keys |
| 520 ## - SUMARIO, ETC. |
| Sumario, etc. |
Talentos es un curso dirigido a jóvenes y adultos que actualmente están trabajando o van a trabajar en un entorno donde necesitan el español y que realizan sus estudios en universidades, escuelas de negocios, centros de formación profesional u otro tipo de institución. <br/><br/>Diseñado para complementar cualquier manual de ELE, este curso te ofrece:<br/><br/>• seis unidades de actividades para la clase y sus correspondientes unidades del cuaderno de ejercicios;<br/><br/>• un anexo cultural;<br/><br/>• tres modelos de exámenes DELE (A1, A2 y B1);<br/><br/>• Mp3 descargable gratuito: difusion.com/audio-talentos.<br/><br/>El libro Talentos es una Edición híbrida que contiene un código de acceso de 12 meses al entorno digital de este curso en Campus Difusión. |
| 520 ## - SUMARIO, ETC. |
| Sumario, etc. |
Talentos is a course designed for young adults and adults who are currently working or preparing to work in an environment where Spanish is needed, and who are studying at universities, business schools, vocational training centers, or other institutions.<br/><br/>Designed to complement any Spanish as a Foreign Language (ELE) textbook, this course offers you:<br/><br/>• Six classroom activity units and their corresponding workbook units<br/>• A cultural appendix<br/>• Three DELE exam models (A1, A2, and B1)<br/>• Free downloadable Mp3s: difusion.com/audio-talentos<br/><br/>The Talentos book is a hybrid edition that includes a 12-month access code to the digital learning environment of this course on Campus Difusión. |
| 650 #0 - PUNTO DE ACCESO ADICIONAL DE MATERIA--TÉRMINO DE MATERIA |
| Término de materia o nombre geográfico como elemento de entrada |
Spanish language |
| Subdivisión general |
Business Spanish |
| 9 (RLIN) |
26156 |
| 650 #0 - PUNTO DE ACCESO ADICIONAL DE MATERIA--TÉRMINO DE MATERIA |
| Término de materia o nombre geográfico como elemento de entrada |
Spanish language |
| Subdivisión de forma |
Composition and exercises |
| 9 (RLIN) |
26157 |
| 650 #0 - PUNTO DE ACCESO ADICIONAL DE MATERIA--TÉRMINO DE MATERIA |
| Término de materia o nombre geográfico como elemento de entrada |
Spanish language |
| Subdivisión general |
Study and teaching |
| 9 (RLIN) |
26155 |
| 650 #0 - PUNTO DE ACCESO ADICIONAL DE MATERIA--TÉRMINO DE MATERIA |
| Término de materia o nombre geográfico como elemento de entrada |
Spanish language |
| Subdivisión general |
Textbooks for foreign speakers |
| 9 (RLIN) |
12081 |
| 700 ## - ENTRADA AGREGADA--NOMBRE PERSONAL |
| Nombre de persona |
Márquez Sánchez, Calíope Dafne |
| Término indicativo de función/relación |
author |
| 9 (RLIN) |
26164 |
| 700 ## - ENTRADA AGREGADA--NOMBRE PERSONAL |
| Nombre de persona |
Ramos Gómez, Esther |
| Término indicativo de función/relación |
author |
| 9 (RLIN) |
26165 |
| 700 ## - ENTRADA AGREGADA--NOMBRE PERSONAL |
| Nombre de persona |
Uclés Sánchez, Francisco Javier |
| Término indicativo de función/relación |
author |
| 9 (RLIN) |
26166 |
| 942 ## - ELEMENTOS DE ENTRADA AGREGADA (KOHA) |
| Fuente del sistema de clasificación o colocación |
Clasificación de Library of Congress |